Probing Coherent Surface Plasmon Polariton Propagation Using Ultrabroadband Spectral Interferometry

Elmentve itt :
Bibliográfiai részletek
Szerzők: Yi Jue-Min
Hou Dongchao
Kollmann Heiko
Smirnov Vladimir
Pápa Zsuzsanna
Dombi Péter
Silies Martin
Lienau Christoph
Dokumentumtípus: Cikk
Megjelent: 2017
Sorozat:ACS PHOTONICS 4 No. 2
doi:10.1021/acsphotonics.6b00821

mtmt:3193135
Online Access:http://publicatio.bibl.u-szeged.hu/19048
LEADER 00931nab a2200277 i 4500
001 publ19048
005 20200625105546.0
008 200625s2017 hu o 0|| zxx d
022 |a 2330-4022 
024 7 |a 10.1021/acsphotonics.6b00821  |2 doi 
024 7 |a 3193135  |2 mtmt 
040 |a SZTE Publicatio Repozitórium  |b hun 
041 |a zxx 
100 1 |a Yi Jue-Min 
245 1 0 |a Probing Coherent Surface Plasmon Polariton Propagation Using Ultrabroadband Spectral Interferometry  |h [elektronikus dokumentum] /  |c  Yi Jue-Min 
260 |c 2017 
300 |a 347-354 
490 0 |a ACS PHOTONICS  |v 4 No. 2 
700 0 1 |a Hou Dongchao  |e aut 
700 0 1 |a Kollmann Heiko  |e aut 
700 0 1 |a Smirnov Vladimir  |e aut 
700 0 1 |a Pápa Zsuzsanna  |e aut 
700 0 1 |a Dombi Péter  |e aut 
700 0 1 |a Silies Martin  |e aut 
700 0 1 |a Lienau Christoph  |e aut 
856 4 0 |u http://publicatio.bibl.u-szeged.hu/19048/1/JMYi_ACSPhot_2017.pdf  |z Dokumentum-elérés